[Event "DEM U10 2024"]
[Site "Willingen GER"]
[Date "2024.05.20"]
[Round "4"]
[White "Liu, Jonas"]
[Black "Grimm, Jakob"]
[Result "0-1"]
[Termination "normal"]
[Board "11"]
[WhiteElo "1632"]
[BlackElo "1681"]
[WhiteClock "00:55:02"]
[BlackClock "01:14:44"]
[PlyCount "96"]
[WhiteFideId "34660941"]
[BlackFideId "34635645"]
[EventCountry "GER"]
[EventRounds "11"]
[EventType "swiss"]
[EventDate "2024.05.18"]

1. e4 {[%clk 01:15:48]} {[%emt 00:00:11]} e5 {[%clk 01:15:58]} {[%emt
00:00:03]} 2. Nf3 {[%clk 01:16:09]} {[%emt 00:00:09]} Nc6 {[%clk 01:16:25]}
{[%emt 00:00:04]} 3. Bc4 {[%clk 01:16:20]} {[%emt 00:00:18]} Bc5 {[%clk
01:16:50]} {[%emt 00:00:04]} 4. c3 {[%clk 01:16:32]} {[%emt 00:00:18]} Nf6
{[%clk 01:17:14]} {[%emt 00:00:07]} 5. d4 {[%clk 01:16:44]} {[%emt 00:00:18]}
exd4 {[%clk 01:17:40]} {[%emt 00:00:04]} 6. O-O {[%clk 01:17:03]} {[%emt
00:00:10]} Nxe4 {[%clk 01:17:58]} {[%emt 00:00:13]} 7. cxd4 {[%clk 01:17:13]}
{[%emt 00:00:19]} d5 {[%clk 01:18:13]} {[%emt 00:00:16]} 8. dxc5 {[%clk
01:17:29]} {[%emt 00:00:14]} dxc4 {[%clk 01:18:38]} {[%emt 00:00:05]} 9. Qe2
{[%clk 01:17:37]} {[%emt 00:00:21]} Qd3 {[%clk 01:19:04]} {[%emt 00:00:04]} 10.
Re1 {[%clk 01:17:39]} {[%emt 00:00:28]} f5 {[%clk 01:19:27]} {[%emt 00:00:07]}
11. Nc3 {[%clk 01:17:37]} {[%emt 00:00:33]} O-O {[%clk 01:19:52]} {[%emt
00:00:05]} 12. Nxe4 {[%clk 01:17:45]} {[%emt 00:00:21]} fxe4 {[%clk 01:20:18]}
{[%emt 00:00:05]} 13. Qxe4 {[%clk 01:17:29]} {[%emt 00:00:45]} Bf5 {[%clk
01:20:46]} {[%emt 00:00:03]} 14. Qxd3 {[%clk 01:12:08]} {[%emt 00:05:50]} Bxd3
{[%clk 01:21:06]} {[%emt 00:00:10]} 15. Bg5 {[%clk 01:10:14]} {[%emt 00:02:23]}
Rae8 {[%clk 01:18:13]} {[%emt 00:03:24]} 16. Rxe8 {[%clk 01:04:11]} {[%emt
00:06:34]} Rxe8 {[%clk 01:18:40]} {[%emt 00:00:03]} 17. Re1 {[%clk 01:04:34]}
{[%emt 00:00:06]} Rxe1+ {[%clk 01:17:51]} {[%emt 00:01:20]} 18. Nxe1 {[%clk
01:04:59]} {[%emt 00:00:04]} Bb1 {[%clk 01:13:59]} {[%emt 00:04:23]} 19. a3
{[%clk 01:04:57]} {[%emt 00:00:32]} Kf7 {[%clk 01:13:22]} {[%emt 00:01:06]} 20.
Bf4 {[%clk 01:03:47]} {[%emt 00:01:39]} Na5 {[%clk 01:12:27]} {[%emt 00:01:27]}
21. Bxc7 {[%clk 01:03:09]} {[%emt 00:01:07]} Nb3 {[%clk 01:12:52]} {[%emt
00:00:05]} 22. Bd6 {[%clk 01:03:33]} {[%emt 00:00:07]} Ke6 {[%clk 01:13:13]}
{[%emt 00:00:09]} 23. f4 {[%clk 01:02:44]} {[%emt 00:01:17]} Kd5 {[%clk
01:13:36]} {[%emt 00:00:09]} 24. Kf2 {[%clk 01:02:18]} {[%emt 00:00:53]} Nxc5
{[%clk 01:14:04]} {[%emt 00:00:05]} 25. Be5 {[%clk 01:02:10]} {[%emt 00:00:36]}
g6 {[%clk 01:14:20]} {[%emt 00:00:16]} 26. Ke3 {[%clk 00:58:43]} {[%emt
00:03:54]} g5 {[%clk 01:10:14]} {[%emt 00:04:38]} 27. g3 {[%clk 00:56:47]}
{[%emt 00:02:26]} gxf4+ {[%clk 01:10:26]} {[%emt 00:00:19]} 28. Bxf4 {[%emt
00:00:52]} Na4 {[%clk 01:10:27]} {[%emt 00:00:27]} 29. Kd2 {[%clk 00:53:33]}
{[%emt 00:03:23]} Nxb2 {[%clk 01:09:55]} {[%emt 00:01:03]} 30. Kc1 {[%clk
00:53:49]} {[%emt 00:00:13]} Nd3+ {[%clk 01:10:20]} {[%emt 00:00:06]} 31. Kxb1
{[%clk 00:53:11]} {[%emt 00:01:07]} Nxe1 {[%clk 01:10:29]} {[%emt 00:00:21]}
32. Kc1 {[%clk 00:52:50]} {[%emt 00:00:47]} Nd3+ {[%clk 01:10:53]} {[%emt
00:00:10]} 33. Kd2 {[%clk 00:51:12]} {[%emt 00:02:08]} Nxf4 {[%clk 01:10:27]}
{[%emt 00:00:57]} 34. gxf4 {[%clk 00:51:38]} {[%emt 00:00:04]} Ke4 {[%clk
01:10:27]} {[%emt 00:00:30]} 35. Kc3 {[%clk 00:52:02]} {[%emt 00:00:06]} Kxf4
{[%clk 01:10:51]} {[%emt 00:00:05]} 36. Kxc4 {[%clk 00:52:27]} {[%emt
00:00:04]} Ke4 {[%clk 01:10:22]} {[%emt 00:01:00]} 37. a4 {[%clk 00:52:40]}
{[%emt 00:00:17]} h6 {[%clk 01:10:27]} {[%emt 00:00:26]} 38. a5 {[%clk
00:52:24]} {[%emt 00:00:46]} h5 {[%clk 01:10:32]} {[%emt 00:00:25]} 39. h4
{[%clk 00:52:36]} {[%emt 00:00:18]} Kf4 {[%clk 01:10:55]} {[%emt 00:00:07]} 40.
Kc5 {[%clk 00:53:00]} {[%emt 00:00:06]} b6+ {[%clk 01:11:19]} {[%emt 00:00:06]}
41. axb6 {[%clk 00:53:21]} {[%emt 00:00:09]} axb6+ {[%clk 01:11:48]} {[%emt
00:00:01]} 42. Kxb6 {[%clk 00:53:38]} {[%emt 00:00:12]} Kg4 {[%clk 01:12:14]}
{[%emt 00:00:04]} 43. Kc5 {[%clk 00:54:00]} {[%emt 00:00:09]} Kxh4 {[%clk
01:12:36]} {[%emt 00:00:07]} 44. Kd4 {[%clk 00:54:26]} {[%emt 00:00:04]} Kg3
{[%clk 01:12:58]} {[%emt 00:00:08]} 45. Ke3 {[%clk 00:54:50]} {[%emt 00:00:06]}
h4 {[%clk 01:13:21]} {[%emt 00:00:08]} 46. Ke2 {[%clk 00:55:13]} {[%emt
00:00:06]} Kg2 {[%clk 01:13:46]} {[%emt 00:00:05]} 47. Ke3 {[%clk 00:54:49]}
{[%emt 00:00:54]} h3 {[%clk 01:14:15]} {[%emt 00:00:02]} 48. Kf4 {[%clk
00:55:02]} {[%emt 00:00:17]} h2 {[%clk 01:14:44]} {[%emt 00:00:01]} 0-1

[Event "DEM U10 2024"]
[Site "Willingen GER"]
[Date "2024.05.20"]
[Round "4"]
[White "Ding, Jerry Yunjie"]
[Black "Jüngling, Leonard"]
[Result "1-0"]
[Termination "normal"]
[Board "13"]
[WhiteElo "1650"]
[BlackElo "1446"]
[WhiteClock "00:31:00"]
[BlackClock "00:53:04"]
[PlyCount "51"]
[WhiteFideId "34614869"]
[BlackFideId "34669116"]
[EventCountry "GER"]
[EventRounds "11"]
[EventType "swiss"]
[EventDate "2024.05.18"]

1. d4 {[%clk 01:15:59]} f5 {[%clk 01:15:56]} {[%emt 00:00:05]} 2. c4 {[%clk
01:16:24]} {[%emt 00:00:04]} Nf6 {[%clk 01:16:21]} {[%emt 00:00:05]} 3. Nc3
{[%clk 01:16:50]} {[%emt 00:00:04]} e6 {[%clk 01:16:47]} {[%emt 00:00:05]} 4.
Bg5 {[%clk 01:16:57]} {[%emt 00:00:23]} Be7 {[%clk 01:16:43]} {[%emt 00:00:34]}
5. Nf3 {[%clk 01:16:59]} {[%emt 00:00:28]} h6 {[%clk 01:17:04]} {[%emt
00:00:09]} 6. Bxf6 {[%clk 01:15:06]} {[%emt 00:02:23]} Bxf6 {[%clk 01:17:28]}
{[%emt 00:00:06]} 7. e3 {[%clk 01:15:25]} {[%emt 00:00:11]} d6 {[%clk
01:16:43]} {[%emt 00:01:14]} 8. Bd3 {[%clk 01:13:24]} {[%emt 00:02:30]} e5
{[%clk 01:16:24]} {[%emt 00:00:50]} 9. Bc2 {[%clk 00:55:45]} {[%emt 00:18:10]}
exd4 {[%clk 01:15:07]} {[%emt 00:01:46]} 10. Nxd4 {[%clk 00:55:17]} {[%emt
00:00:58]} b6 {[%clk 01:14:04]} {[%emt 00:01:35]} 11. Qh5+ {[%clk 00:55:16]}
{[%emt 00:00:30]} Kf8 {[%clk 01:12:18]} {[%emt 00:02:16]} 12. Bxf5 {[%clk
00:48:31]} {[%emt 00:07:14]} Bxd4 {[%clk 01:06:06]} {[%emt 00:06:43]} 13. Bxc8
{[%clk 00:46:46]} {[%emt 00:02:15]} Bxc3+ {[%clk 01:06:09]} {[%emt 00:00:27]}
14. bxc3 {[%clk 00:47:11]} {[%emt 00:00:05]} Qxc8 {[%clk 01:06:18]} {[%emt
00:00:20]} 15. Qf3+ {[%clk 00:47:15]} {[%emt 00:00:26]} Ke7 {[%clk 01:04:24]}
{[%emt 00:02:24]} 16. Qxa8 {[%clk 00:47:28]} {[%emt 00:00:17]} Qa6 {[%clk
01:03:34]} {[%emt 00:01:21]} 17. Qe4+ {[%clk 00:47:48]} {[%emt 00:00:09]} Kd7
{[%clk 01:03:52]} {[%emt 00:00:13]} 18. Qg4+ {[%clk 00:47:37]} {[%emt
00:00:40]} Kc6 {[%clk 01:03:51]} {[%emt 00:00:31]} 19. Qxg7 {[%clk 00:46:35]}
{[%emt 00:01:32]} Re8 {[%clk 01:02:10]} {[%emt 00:02:10]} 20. Qf7 {[%clk
00:45:42]} {[%emt 00:01:23]} Re5 {[%clk 01:02:09]} {[%emt 00:00:33]} 21. O-O
{[%clk 00:42:19]} {[%emt 00:03:53]} Nd7 {[%clk 01:00:11]} {[%emt 00:02:28]} 22.
Rfd1 {[%clk 00:40:41]} {[%emt 00:02:07]} Nc5 {[%clk 00:53:37]} {[%emt
00:07:04]} 23. Qf3+ {[%clk 00:33:01]} {[%emt 00:08:10]} Kd7 {[%clk 00:53:38]}
{[%emt 00:00:29]} 24. Qf6 {[%clk 00:31:58]} {[%emt 00:01:33]} Qxc4 {[%clk
00:53:25]} {[%emt 00:00:43]} 25. Qxe5 {[%clk 00:32:00]} {[%emt 00:00:28]} Kc6
{[%clk 00:53:04]} {[%emt 00:00:52]} 26. Qd4 {[%clk 00:31:00]} {[%emt 00:01:29]}
1-0

[Event "DEM U10 2024"]
[Site "Willingen GER"]
[Date "2024.05.20"]
[Round "4"]
[White "Stojanoski, Stefan"]
[Black "Spielmann, Jan"]
[Result "1/2-1/2"]
[Termination "normal"]
[Board "16"]
[WhiteElo "1638"]
[BlackElo "1725"]
[WhiteClock "00:47:28"]
[BlackClock "00:47:28"]
[PlyCount "212"]
[WhiteFideId "34632948"]
[BlackFideId "34680039"]
[EventCountry "GER"]
[EventRounds "11"]
[EventType "swiss"]
[EventDate "2024.05.18"]

1. e4 {[%clk 01:15:59]} e5 {[%clk 01:15:59]} {[%emt 00:00:02]} 2. Nf3 {[%clk
01:16:23]} {[%emt 00:00:05]} Nc6 {[%clk 01:16:24]} {[%emt 00:00:05]} 3. Bc4
{[%clk 01:16:49]} {[%emt 00:00:04]} Bc5 {[%clk 01:16:49]} {[%emt 00:00:05]} 4.
d3 {[%clk 01:17:16]} {[%emt 00:00:03]} h6 {[%clk 01:17:15]} {[%emt 00:00:04]}
5. c3 {[%clk 01:17:31]} {[%emt 00:00:14]} Qf6 {[%clk 01:17:35]} {[%emt
00:00:11]} 6. O-O {[%clk 01:17:35]} {[%emt 00:00:26]} d6 {[%clk 01:17:46]}
{[%emt 00:00:20]} 7. a4 {[%clk 01:18:00]} {[%emt 00:00:05]} a5 {[%clk
01:17:17]} {[%emt 00:00:59]} 8. Be3 {[%clk 01:18:09]} {[%emt 00:00:21]} Nge7
{[%clk 01:05:02]} {[%emt 00:12:45]} 9. Bxc5 {[%clk 01:17:58]} {[%emt 00:00:41]}
dxc5 {[%clk 01:05:24]} {[%emt 00:00:07]} 10. Na3 {[%emt 00:00:24]} Bg4 {[%clk
01:04:23]} {[%emt 00:01:30]} 11. Nb5 {[%clk 01:17:47]} {[%emt 00:00:49]} Rc8
{[%clk 01:04:17]} {[%emt 00:00:35]} 12. h3 {[%clk 01:16:40]} {[%emt 00:01:38]}
Bxf3 {[%clk 01:01:06]} {[%emt 00:03:40]} 13. Qxf3 {[%clk 01:17:00]} {[%emt
00:00:09]} Qxf3 {[%clk 01:01:20]} {[%emt 00:00:16]} 14. gxf3 {[%clk 01:17:25]}
{[%emt 00:00:05]} Ng6 {[%clk 01:01:41]} {[%emt 00:00:09]} 15. Kh2 {[%clk
01:15:21]} {[%emt 00:02:34]} O-O {[%clk 01:00:57]} {[%emt 00:01:12]} 16. Rfd1
{[%clk 01:15:25]} {[%emt 00:00:28]} Kh8 {[%clk 00:59:53]} {[%emt 00:01:34]} 17.
Rg1 {[%clk 01:13:58]} {[%emt 00:01:58]} Kh7 {[%clk 00:59:50]} {[%emt 00:00:32]}
18. Rg3 {[%clk 01:12:49]} {[%emt 00:01:39]} Nce7 {[%clk 00:59:14]} {[%emt
00:01:06]} 19. Rag1 {[%emt 00:01:35]} h5 {[%clk 00:47:20]} {[%emt 00:12:22]}
20. Na3 {[%clk 01:10:46]} {[%emt 00:01:30]} c6 {[%clk 00:45:52]} {[%emt
00:01:58]} 21. Nc2 {[%clk 01:09:36]} {[%emt 00:01:40]} Kh6 {[%clk 00:45:15]}
{[%emt 00:01:06]} 22. Ne3 {[%clk 01:09:43]} {[%emt 00:00:23]} b5 {[%clk
00:44:53]} {[%emt 00:00:53]} 23. axb5 {[%clk 01:09:59]} {[%emt 00:00:14]} cxb5
{[%clk 00:45:18]} {[%emt 00:00:05]} 24. Bxb5 {[%clk 01:10:14]} {[%emt
00:00:16]} Nf4 {[%clk 00:45:26]} {[%emt 00:00:22]} 25. Rb1 {[%clk 01:07:36]}
{[%emt 00:03:07]} Ne2 {[%clk 00:44:45]} {[%emt 00:01:12]} 26. Rg2 {[%clk
01:07:49]} {[%emt 00:00:16]} Ng6 {[%clk 00:44:05]} {[%emt 00:01:11]} 27. Nf5+
{[%clk 01:06:46]} {[%emt 00:01:33]} Kh7 {[%clk 00:44:21]} {[%emt 00:00:14]} 28.
Rg5 {[%clk 01:06:26]} {[%emt 00:00:49]} Nef4 {[%clk 00:44:28]} {[%emt
00:00:22]} 29. Ra1 {[%clk 01:04:44]} {[%emt 00:02:14]} Ra8 {[%clk 00:44:04]}
{[%emt 00:00:53]} 30. Bc4 {[%clk 01:02:32]} {[%emt 00:02:43]} Rab8 {[%clk
00:42:57]} {[%emt 00:01:37]} 31. b3 {[%clk 01:02:47]} {[%emt 00:00:13]} f6
{[%clk 00:43:12]} {[%emt 00:00:16]} 32. Rgg1 {[%clk 01:01:14]} {[%emt
00:02:03]} Ra8 {[%clk 00:43:11]} {[%emt 00:00:31]} 33. d4 {[%clk 00:54:21]}
{[%emt 00:07:23]} cxd4 {[%clk 00:43:05]} {[%emt 00:00:36]} 34. cxd4 {[%clk
00:54:38]} {[%emt 00:00:13]} exd4 {[%clk 00:42:44]} {[%emt 00:00:51]} 35. Nxd4
{[%clk 00:55:02]} {[%emt 00:00:06]} Rfd8 {[%clk 00:42:36]} {[%emt 00:00:39]}
36. Ne6 {[%clk 00:54:47]} {[%emt 00:00:44]} Nxe6 {[%clk 00:42:25]} {[%emt
00:00:41]} 37. Bxe6 {[%clk 00:55:06]} {[%emt 00:00:11]} Nf4 {[%clk 00:42:18]}
{[%emt 00:00:36]} 38. Bc4 {[%clk 00:54:39]} {[%emt 00:00:58]} Rd2 {[%clk
00:41:59]} {[%emt 00:00:48]} 39. Kg3 {[%clk 00:47:08]} {[%emt 00:08:01]} Ne2+
{[%clk 00:42:12]} {[%emt 00:00:18]} 40. Bxe2 {[%clk 00:47:30]} {[%emt
00:00:08]} Rxe2 {[%clk 00:42:37]} {[%emt 00:00:05]} 41. Rgd1 {[%clk 00:47:46]}
{[%emt 00:00:14]} Rb2 {[%clk 00:42:15]} {[%emt 00:00:52]} 42. Rd5 {[%clk
00:48:03]} {[%emt 00:00:13]} Rxb3 {[%clk 00:42:30]} {[%emt 00:00:15]} 43. Rxh5+
{[%clk 00:48:22]} {[%emt 00:00:11]} Kg6 {[%clk 00:42:47]} {[%emt 00:00:13]} 44.
Rhxa5 {[%clk 00:48:48]} {[%emt 00:00:04]} Rxa5 {[%clk 00:43:05]} {[%emt
00:00:13]} 45. Rxa5 {[%clk 00:49:13]} {[%emt 00:00:05]} Rb1 {[%clk 00:43:01]}
{[%emt 00:00:34]} 46. Kg2 {[%clk 00:49:37]} {[%emt 00:00:06]} Rb3 {[%clk
00:43:14]} {[%emt 00:00:16]} 47. Ra7 {[%clk 00:49:18]} {[%emt 00:00:49]} Rb5
{[%clk 00:43:28]} {[%emt 00:00:16]} 48. h4 {[%clk 00:49:09]} {[%emt 00:00:39]}
f5 {[%clk 00:40:57]} {[%emt 00:02:59]} 49. exf5+ {[%clk 00:49:33]} {[%emt
00:00:08]} Rxf5 {[%clk 00:41:17]} {[%emt 00:00:10]} 50. Ra6+ {[%clk 00:49:58]}
{[%emt 00:00:05]} Kh5 {[%clk 00:41:14]} {[%emt 00:00:33]} 51. Kg3 {[%clk
00:48:22]} {[%emt 00:02:06]} Rd5 {[%clk 00:41:18]} {[%emt 00:00:22]} 52. Ra7
{[%clk 00:47:47]} {[%emt 00:01:09]} Kg6 {[%clk 00:41:13]} {[%emt 00:00:35]} 53.
Kg4 {[%clk 00:47:54]} {[%emt 00:00:23]} Rd2 {[%clk 00:41:36]} {[%emt 00:00:07]}
54. Ra6+ {[%clk 00:48:15]} {[%emt 00:00:10]} Kh7 {[%clk 00:41:54]} {[%emt
00:00:11]} 55. Kg3 {[%clk 00:48:34]} {[%emt 00:00:11]} Rd4 {[%clk 00:42:09]}
{[%emt 00:00:13]} 56. f4 {[%clk 00:48:36]} {[%emt 00:00:29]} Rd1 {[%clk
00:41:39]} {[%emt 00:01:00]} 57. Kg2 {[%clk 00:48:55]} {[%emt 00:00:12]} Rd4
{[%clk 00:42:01]} {[%emt 00:00:08]} 58. Kg3 {[%clk 00:48:21]} {[%emt 00:01:04]}
Rd3+ {[%clk 00:42:04]} {[%emt 00:00:27]} 59. f3 {[%clk 00:48:46]} {[%emt
00:00:05]} Rd1 {[%clk 00:41:53]} {[%emt 00:00:42]} 60. Ra3 {[%clk 00:45:01]}
{[%emt 00:04:14]} Rg1+ {[%clk 00:41:21]} {[%emt 00:01:01]} 61. Kh2 {[%clk
00:45:20]} {[%emt 00:00:11]} Rd1 {[%clk 00:41:08]} {[%emt 00:00:42]} 62. Ra2
{[%clk 00:44:57]} {[%emt 00:00:55]} Rd4 {[%clk 00:40:54]} {[%emt 00:00:43]} 63.
Kg3 {[%clk 00:45:02]} {[%emt 00:00:26]} Rd1 {[%clk 00:39:54]} {[%emt 00:01:29]}
64. Rh2 {[%clk 00:45:17]} {[%emt 00:00:17]} Rg1+ {[%clk 00:40:05]} {[%emt
00:00:18]} 65. Rg2 {[%clk 00:45:13]} {[%emt 00:00:38]} Rd1 {[%clk 00:40:20]}
{[%emt 00:00:12]} 66. f5 {[%clk 00:45:26]} {[%emt 00:00:17]} Rd4 {[%clk
00:40:32]} {[%emt 00:00:17]} 67. f4 {[%clk 00:45:49]} {[%emt 00:00:06]} Rd3+
{[%clk 00:40:57]} {[%emt 00:00:05]} 68. Kg4 {[%clk 00:46:15]} {[%emt 00:00:04]}
Kh6 {[%emt 00:00:30]} 69. Ra2 {[%clk 00:46:32]} {[%emt 00:00:11]} Rd6 {[%clk
00:41:13]} {[%emt 00:00:15]} 70. Ra8 {[%clk 00:46:10]} {[%emt 00:00:53]} Kh7
{[%clk 00:41:30]} {[%emt 00:00:14]} 71. Kg5 {[%clk 00:46:07]} {[%emt 00:00:32]}
Rf6 {[%clk 00:41:49]} {[%emt 00:00:11]} 72. Re8 {[%clk 00:45:51]} {[%emt
00:00:46]} Rd6 {[%clk 00:41:54]} {[%emt 00:00:25]} 73. Rf8 {[%clk 00:45:51]}
{[%emt 00:00:29]} Rd1 {[%clk 00:41:56]} {[%emt 00:00:29]} 74. f6 {[%clk
00:44:58]} {[%emt 00:01:23]} Rg1+ {[%clk 00:42:00]} {[%emt 00:00:26]} 75. Kf5
{[%clk 00:45:20]} {[%emt 00:00:07]} g6+ {[%clk 00:41:50]} {[%emt 00:00:40]} 76.
Ke4 {[%clk 00:45:03]} {[%emt 00:00:48]} Re1+ {[%clk 00:42:12]} {[%emt
00:00:08]} 77. Kf3 {[%clk 00:45:27]} {[%emt 00:00:06]} Rf1+ {[%clk 00:42:31]}
{[%emt 00:00:11]} 78. Kg2 {[%clk 00:45:52]} {[%emt 00:00:05]} Rxf4 {[%clk
00:42:41]} {[%emt 00:00:20]} 79. Kg3 {[%clk 00:46:07]} {[%emt 00:00:15]} Rf5
{[%clk 00:42:39]} {[%emt 00:00:32]} 80. Rf7+ {[%clk 00:46:23]} {[%emt
00:00:15]} Kg8 {[%clk 00:42:56]} {[%emt 00:00:12]} 81. Rg7+ {[%clk 00:46:46]}
{[%emt 00:00:07]} Kf8 {[%emt 00:00:54]} 82. Rxg6 {[%clk 00:46:55]} Kf7 {[%clk
00:43:06]} {[%emt 00:00:17]} 83. Rg5 {[%clk 00:46:38]} {[%emt 00:00:47]} Rxf6
{[%clk 00:42:53]} {[%emt 00:00:44]} 84. Kg4 {[%clk 00:46:34]} {[%emt 00:00:33]}
Rg6 {[%clk 00:43:10]} {[%emt 00:00:12]} 85. Kf5 {[%clk 00:46:50]} {[%emt
00:00:15]} Rh6 {[%clk 00:43:18]} {[%emt 00:00:22]} 86. h5 {[%clk 00:47:02]}
{[%emt 00:00:17]} Rf6+ {[%clk 00:43:23]} {[%emt 00:00:24]} 87. Kg4 {[%clk
00:47:16]} {[%emt 00:00:17]} Rh6 {[%clk 00:43:31]} {[%emt 00:00:22]} 88. Ra5
{[%clk 00:47:23]} {[%emt 00:00:22]} Re6 {[%clk 00:42:47]} {[%emt 00:01:14]} 89.
Kf5 {[%clk 00:46:36]} {[%emt 00:01:17]} Re1 {[%clk 00:42:52]} {[%emt 00:00:26]}
90. Ra7+ {[%clk 00:46:40]} {[%emt 00:00:27]} Kg8 {[%clk 00:43:07]} {[%emt
00:00:15]} 91. h6 {[%clk 00:44:09]} {[%emt 00:02:59]} Rf1+ {[%clk 00:43:10]}
{[%emt 00:00:28]} 92. Kg5 {[%clk 00:44:22]} {[%emt 00:00:16]} Rg1+ {[%clk
00:43:34]} {[%emt 00:00:07]} 93. Kf4 {[%emt 00:00:19]} Rf1+ {[%emt 00:00:09]}
94. Kg4 {[%clk 00:44:18]} {[%emt 00:00:06]} Rg1+ {[%clk 00:43:54]} {[%emt
00:00:11]} 95. Kf5 {[%clk 00:44:37]} {[%emt 00:00:10]} Rf1+ {[%clk 00:44:16]}
{[%emt 00:00:07]} 96. Ke6 {[%clk 00:44:53]} {[%emt 00:00:14]} Re1+ {[%clk
00:44:19]} {[%emt 00:00:27]} 97. Kf6 {[%clk 00:45:19]} {[%emt 00:00:05]} Rf1+
{[%clk 00:44:41]} {[%emt 00:00:08]} 98. Kg6 {[%clk 00:45:18]} {[%emt 00:00:31]}
Rg1+ {[%clk 00:45:05]} {[%emt 00:00:06]} 99. Kh5 {[%clk 00:45:40]} {[%emt
00:00:08]} Rh1+ {[%clk 00:45:29]} {[%emt 00:00:06]} 100. Kg5 {[%clk 00:46:04]}
{[%emt 00:00:06]} Rg1+ {[%clk 00:45:54]} {[%emt 00:00:05]} 101. Kf6 {[%clk
00:46:29]} {[%emt 00:00:05]} Rf1+ {[%clk 00:46:18]} {[%emt 00:00:06]} 102. Ke5
{[%clk 00:46:56]} {[%emt 00:00:04]} Re1+ {[%clk 00:46:40]} {[%emt 00:00:08]}
103. Kd4 {[%emt 00:00:05]} Rd1+ {[%emt 00:00:36]} 104. Ke3 {[%clk 00:46:40]}
{[%emt 00:00:04]} Rh1 {[%clk 00:46:42]} {[%emt 00:00:27]} 105. h7+ {[%clk
00:47:05]} {[%emt 00:00:05]} Rxh7 {[%clk 00:47:04]} {[%emt 00:00:08]} 106. Rxh7
{[%clk 00:47:28]} {[%emt 00:00:08]} Kxh7 {[%clk 00:47:28]} {[%emt 00:00:06]}
1/2-1/2